| 000 | 00368nam a2200157Ia 4500 | ||
|---|---|---|---|
| 008 | 210210b1944 xxu||||| |||| 00| 0 eng d | ||
| 041 | _aeng | ||
| 082 | _a829/377 | ||
| 100 | _aELIOT (George) | ||
| 245 | _aMiddle march | ||
| 260 |
_aLondon _bOxford University Press _c1944 |
||
| 650 | _aMiddle | ||
| 650 | _amarch | ||
| 690 | _aEnglish Fiction | ||
| 906 | _a016981 | ||
| 999 |
_c136941 _d136941 |
||